Statistics for Towns beginning with V: guess the country

Click here to take the quiz!

General Stats

  • This quiz has been taken 16 times
  • The average score is 14 of 20

Answer Stats

QuestionAnswer% Correct
VancouverCanada
100%
VeniceItaly
100%
VientianeLaos
100%
VaduzLiechtenstein
100%
VicenzaItaly
94%
ValderrobresSpain
94%
VulcăneștiMoldova
88%
VoronezhRussia
88%
ValenceFrance
81%
Viña del MarChile
75%
Vík í MýrdalIceland
75%
Villa AltagraciaDominican Republic
69%
VavateninaMadagascar
69%
VichaderoUruguay
69%
Vieux FortSt. Lucia
56%
VanadzorArmenia
44%
VienneFrance
44%
Vieille CaseDominica
25%
Vreed en HoopGuyana
25%
VanambouaniComoros
19%

Score Distribution

Percentile by Number Answered

Percent of People with Each Score

Your Score History

You have not taken this quiz